REsumen construcciones de escuelas contrato -pagado cotubre 2015 (Record no. 8023)

MARC details
000 -LEADER
campo de control de longitud fija 00445nam a2200145Ia 4500
001 - NÚMERO DE CONTROL
campo de control 4140
008 - DATOS DE LONGITUD FIJA--INFORMACIÓN GENERAL
campo de control de longitud fija 241024s9999 xx 000 0 und d
082 ## - NÚMERO DE LA CLASIFICACIÓN DECIMAL DEWEY
Número de clasificación RD/624.97293/R426r/2015
100 ## - ENTRADA PRINCIPAL--NOMBRE DE PERSONA
Nombre de persona República Dominicana. Ministerio de Educación. Dirección Financiera
245 #0 - MENCIÓN DEL TÍTULO
Título REsumen construcciones de escuelas contrato -pagado cotubre 2015
260 ## - PUBLICACIÓN, DISTRIBUCIÓN, ETC.
Nombre del editor, distribuidor, etc. Santo Domingo
Fecha de publicación, distribución, etc. 2015
590 ## - NOTA LOCAL (RLIN)
Nota local si
901 ## - ELEMENTOS DE DATOS A LOCAL LDA (RLIN)
a 9/8/2016 9:30:10 a.m.

No items available.

© 2024. Todos los Derechos Reservados. Desarrollado por IDEICE